El Avance regional del SIDA

Guardat en:
Dades bibliogràfiques
Format: Text
Matèries:
Etiquetes: Afegir etiqueta
Sense etiquetes, Sigues el primer a etiquetar aquest registre!

MARC

LEADER 00000 a a2200000 04500
001 6621
003
040
245 |a El Avance regional del SIDA  
650 |a SIDA  
650 |a SALUD REPRODUCTIVA  
650 |a SALUD PUBLICA  
650 |a EDUCACION SEXUAL  
650 |a MARGINALIDAD  
773 |g volumen 23, número 1027; páginas 10-11  
999 |c 21803  |d 21803